Statistics for Biggest Travis Scott Song By Letter (A-Z)

Click here to take the quiz!

General Stats

  • This quiz has been taken 231 times
  • The average score is 9 of 22

Answer Stats

HintAnswer% Correct
SSICKO MODE
89%
AAntidote
82%
Ggoosebumps
78%
BBUTTERFLY EFFECT
62%
CCAROUSEL
53%
HHIGHEST IN THE ROOM
53%
NNO BYSTANDERS
51%
YYOSEMITE
51%
MMamacita
45%
Ppick up the phone
45%
DDrugs You Should Try It
44%
OOh my Dis Side
36%
FFRANCHISE
30%
TTHE SCOTTS
30%
UUpper Echelon
29%
QQuintana Pt. 2
27%
IImpossible
25%
LLose
19%
ZZombies
18%
WWatch
13%
EEye 2 Eye
8%
RRaRa
3%

Score Distribution

Percentile by Number Answered

Percent of People with Each Score

Your Score History

You have not taken this quiz